| 000 | 00496nam a22001812 4500 | ||
|---|---|---|---|
| 001 | 0000017299 | ||
| 003 | OSt | ||
| 005 | 20140825164711.0 | ||
| 008 | 091014s1960 xx 000 0 eng d | ||
| 040 |
_aPUL _cPUL |
||
| 050 |
_aBX8333.G37 _bL4 1960 |
||
| 100 | 1 | _aGealy, Fred Daniel. | |
| 245 | 1 | 0 |
_aLet us break bread together : _bthoughts on the meaning of Christ / _cFred Daniel Gealy. |
| 300 |
_a143 p. ; _c21 cm. |
||
| 650 | 0 | _aChurch year sermons. | |
| 908 | _a091014 | ||
| 942 |
_2lcc _cBK |
||
| 999 |
_c16592 _d16592 |
||